Central banking, monetary theory and practice essays in honour of Charles Goodhart

Gespeichert in:
Bibliographische Detailangaben
Weitere Verfasser: Mizen, Paul
Format: Buch
Sprache:Englisch
Veröffentlicht: Cheltenham Edward Elgar 2003
Schlagworte:
Tags: Tag hinzufügen
Keine Tags, Fügen Sie das erste Tag hinzu!

MARC

LEADER 00000nam$a2200000$$$4500
001 0027304
005 20221213134343.1
020 |a 1-84376-841-0 
041 0 |a eng 
044 |a GB 
245 1 0 |a Central banking, monetary theory and practice  |b essays in honour of Charles Goodhart  |c Edited by Paul Mizen 
264 1 |a Cheltenham  |b Edward Elgar  |c 2003 
300 |a 292 s. 
610 2 0 |a bankovníctvo 
610 2 0 |a banky centrálne 
610 2 0 |a teória peňažná 
610 2 0 |a peniaze 
610 2 0 |a inflácia 
610 2 0 |a plánovanie 
610 2 0 |a mena 
610 2 0 |a kovy drahé 
610 2 0 |a úver 
610 2 0 |a USA 
610 2 0 |a Veľká Británia 
610 2 0 |a Goodhard, Ch. 
700 1 |a Mizen, Paul